000 004700000a22001810004500
003 MACL
005 20150915160549.0
008 150915b xxu||||| |||| 00| 0 eng d
040 _aMACL
_cMACL
041 _aEnglish
082 _a823/MAJ
100 _aMajumdar, Gopa
_911275
245 _aIn The Same Boat
_bGolden tales From Bengal
260 _bUbs Publishers Distributors Ltd.
_c1994
_aNew Delhi
350 _a75
650 _aFicition
_911277
942 _cBK
_k823
_2ddc
999 _c3149
_d3149